[Event "EYCC 2024 - G12"]
[Site "?"]
[Date "2024.08.24"]
[Round "3.9"]
[White "Hangyal, Anna"]
[Black "Chichinadze, Anastasia"]
[Result "1-0"]
[BlackElo "1678"]
[WhiteElo "1853"]
[LiveChessVersion "1.4.8"]

1. e4 d5 {[%clk 1:30:56]} 2. exd5 {[%clk 1:31:21]} Nf6 {[%clk 1:31:24]} 3. Nf3
{[%clk 1:31:30]} Nxd5 {[%clk 1:31:50]} 4. d4 {[%clk 1:31:44]} g6 {[%clk 1:32:16]}
5. c4 {[%clk 1:31:57]} Nb6 {[%clk 1:32:41]} 6. h3 {[%clk 1:32:22]} Bg7
{[%clk 1:33:08]} 7. Nc3 {[%clk 1:32:37]} O-O {[%clk 1:32:50]} 8. Be3
{[%clk 1:31:07]} Nc6 {[%clk 1:28:07]} 9. Qd2 {[%clk 1:25:01]} Re8
{[%clk 1:18:40]} 10. Be2 {[%clk 1:21:07]} e5 {[%clk 1:07:41]} 11. d5 Nd4 12. b3
{[%clk 1:06:28]} Nxe2 {[%clk 1:01:49]} 13. Nxe2 {[%clk 1:06:44]} e4
{[%clk 0:49:05]} 14. Nfd4 {[%clk 1:06:53]} Nd7 {[%clk 0:46:00]} 15. Nc3
{[%clk 1:01:20]} Ne5 {[%clk 0:39:59]} 16. Nxe4 {[%clk 0:49:21]} Nxc4
{[%clk 0:39:06]} 17. bxc4 {[%clk 0:49:51]} Rxe4 {[%clk 0:39:18]} 18. O-O
{[%clk 0:41:47]} Qh4 {[%clk 0:21:40]} 19. Nf3 Qh5 {[%clk 0:20:05]} 20. Qd3
{[%clk 0:37:15]} Bf5 {[%clk 0:19:08]} 21. Rae1 {[%clk 0:14:47]} Rae8 22. Qd1 Bxh3
{[%clk 0:11:50]} 23. Ng5 {[%clk 0:10:28]} Rg4 {[%clk 0:08:28]} 24. Nxh3
{[%clk 0:09:09]} Qxh3 {[%clk 0:08:53]} 25. g3 {[%clk 0:09:27]} Ree4
{[%clk 0:08:11]} 26. Qf3 {[%clk 0:07:33]} Be5 {[%clk 0:06:04]} 27. Qg2
{[%clk 0:05:36]} Qxg2+ {[%clk 0:02:56]} 28. Kxg2 {[%clk 0:06:04]} g5
{[%clk 0:03:07]} 29. Bxa7 {[%clk 0:04:10]} f6 {[%clk 0:02:24]} 30. Rb1
{[%clk 0:02:38]} Rxc4 {[%clk 0:02:02]} 31. Rxb7 {[%clk 0:02:19]} Rc2
{[%clk 0:02:06]} 32. Kh3 {[%clk 0:02:24]} Ra4 {[%clk 0:02:29]} 33. Be3
{[%clk 0:02:27]} Raxa2 {[%clk 0:02:37]} 34. Rb8+ {[%clk 0:02:40]} Kg7
{[%clk 0:02:58]} 35. Re8 {[%clk 0:02:49]} Rc3 {[%clk 0:01:43]} 36. Re7+
{[%clk 0:01:18]} Kg6 {[%clk 0:01:53]} 37. Re8 {[%clk 0:01:21]} Rd3
{[%clk 0:02:02]} 38. Rc1 {[%clk 0:00:59]} Rxd5 {[%clk 0:02:08]} 39. Rc6
{[%clk 0:00:56]} Ra3 {[%clk 0:01:52]} 40. Re7 {[%clk 0:00:37]} h5
{[%clk 0:01:44]} 41. Re8 {[%clk 0:00:44]} g4+ {[%clk 0:01:30]} 42. Kg2
{[%clk 0:01:06]} Rc3 {[%clk 0:01:29]} 43. Rxe5 {[%clk 0:00:57]} Rxc6
{[%clk 0:01:07]} 44. Rxd5 {[%clk 0:01:26]} Rc2 {[%clk 0:01:18]} 45. Rd8
{[%clk 0:01:50]} Kf5 {[%clk 0:01:11]} 46. Rh8 {[%clk 0:02:07]} Ke4
{[%clk 0:01:14]} 47. Rxh5 {[%clk 0:02:26]} f5 {[%clk 0:01:39]} 48. Rh8
{[%clk 0:02:39]} c5 {[%clk 0:02:02]} 49. Re8+ {[%clk 0:02:55]} Kd5
{[%clk 0:02:23]} 50. Bf4 {[%clk 0:03:14]} c4 {[%clk 0:02:31]} 51. Re5+
{[%clk 0:03:38]} Kd4 {[%clk 0:02:57]} 52. Rxf5 {[%clk 0:03:53]} Kd3
{[%clk 0:03:24]} 53. Rg5 {[%clk 0:03:52]} Re2 {[%clk 0:03:42]} 54. Rxg4
{[%clk 0:04:10]} c3 {[%clk 0:04:09]} 55. Rg8 {[%clk 0:04:32]} c2 {[%clk 0:04:20]}
56. Rc8 {[%clk 0:04:56]} 1-0

[Event "EYCC 2024 - G12"]
[Site "?"]
[Date "2024.08.24"]
[Round "3.10"]
[White "Komar, Valerie"]
[Black "Pehlivanova, Aleksandra"]
[Result "0-1"]
[BlackElo "1793"]
[WhiteElo "1695"]
[LiveChessVersion "1.4.8"]

1. e4 {[%clk 1:30:57]} c5 {[%clk 1:30:56]} 2. d4 {[%clk 1:31:10]} cxd4
{[%clk 1:31:01]} 3. c3 {[%clk 1:31:36]} Nf6 {[%clk 1:31:27]} 4. e5
{[%clk 1:31:45]} Nd5 {[%clk 1:31:52]} 5. cxd4 {[%clk 1:32:08]} Nc6
{[%clk 1:31:54]} 6. Nf3 {[%clk 1:30:54]} d6 {[%clk 1:32:03]} 7. Bc4
{[%clk 1:20:52]} dxe5 {[%clk 1:30:53]} 8. dxe5 {[%clk 1:21:03]} Ndb4
{[%clk 1:30:59]} 9. Qb3 {[%clk 1:03:19]} e6 {[%clk 1:28:46]} 10. O-O
{[%clk 1:00:04]} Na5 {[%clk 1:20:22]} 11. Qc3 {[%clk 0:53:51]} Nxc4
{[%clk 1:18:27]} 12. Qxc4 {[%clk 0:54:18]} b6 {[%clk 1:09:24]} 13. Nc3
{[%clk 0:49:59]} Ba6 {[%clk 1:07:48]} 14. Nb5 {[%clk 0:40:27]} Rc8
{[%clk 1:07:31]} 15. Qe2 {[%clk 0:40:46]} Rc2 {[%clk 0:57:55]} 16. Bd2
{[%clk 0:35:55]} Qd7 {[%clk 0:48:42]} 17. a4 {[%clk 0:32:53]} Bc5
{[%clk 0:43:24]} 18. Rad1 {[%clk 0:28:13]} Bb7 {[%clk 0:32:42]} 19. Ng5
{[%clk 0:13:05]} Bd5 {[%clk 0:26:14]} 20. Qg4 {[%clk 0:11:16]} Nd3
{[%clk 0:21:34]} 21. b4 {[%clk 0:04:27]} Rc4 {[%clk 0:10:38]} 22. Qh3
{[%clk 0:03:40]} Nxb4 {[%clk 0:10:38]} 23. Nxh7 {[%clk 0:03:21]} Qd8
{[%clk 0:04:39]} 24. Nd6+ {[%clk 0:02:25]} Bxd6 {[%clk 0:04:37]} 25. exd6
{[%clk 0:02:53]} Rh4 {[%clk 0:02:41]} 26. Bg5 {[%clk 0:02:36]} Rxh3
{[%clk 0:02:39]} 27. Bxd8 {[%clk 0:03:04]} R3xh7 {[%clk 0:03:02]} 28. Bc7
{[%clk 0:03:19]} Kd7 {[%clk 0:03:14]} 29. h3 {[%clk 0:03:41]} Nc6
{[%clk 0:02:47]} 30. f4 {[%clk 0:03:55]} Rh5 {[%clk 0:02:47]} 31. Kf2
{[%clk 0:03:36]} Rf5 {[%clk 0:02:12]} 32. Kg3 {[%clk 0:03:31]} Na5
{[%clk 0:01:18]} 33. Kh2 {[%clk 0:03:07]} Bc4 {[%clk 0:00:49]} 34. Rf2
{[%clk 0:03:11]} Rd5 {[%clk 0:00:37]} 35. Rc1 {[%clk 0:03:35]} f5
{[%clk 0:00:45]} 36. Rf3 {[%clk 0:02:52]} Rd4 {[%clk 0:00:38]} 37. Rg3
{[%clk 0:02:14]} Rh7 {[%clk 0:00:36]} 38. Rf3 {[%clk 0:02:18]} Bd5
{[%clk 0:00:43]} 39. Rf2 {[%clk 0:01:40]} Nc4 {[%clk 0:00:52]} 40. Bb8
{[%clk 0:01:11]} a6 {[%clk 0:00:34]} 41. Rb1 {[%clk 0:01:12]} Rh8
{[%clk 0:00:39]} 42. Bc7 {[%clk 0:01:19]} Rd3 {[%clk 0:00:34]} 43. Ra1
{[%clk 0:01:04]} Rb3 {[%clk 0:00:47]} 44. Re2 {[%clk 0:00:43]} Nxd6
{[%clk 0:00:55]} 45. Bxd6 {[%clk 0:00:58]} Kxd6 {[%clk 0:01:19]} 46. a5
{[%clk 0:01:19]} b5 {[%clk 0:01:44]} 47. Rc2 {[%clk 0:01:28]} Rb4
{[%clk 0:01:26]} 48. Kg3 {[%clk 0:01:48]} Rb8 {[%clk 0:01:21]} 49. Rc3
{[%clk 0:01:24]} Rc4 {[%clk 0:01:45]} 50. Rb3 {[%clk 0:01:27]} b4
{[%clk 0:01:56]} 51. Rab1 {[%clk 0:01:37]} Kc5 {[%clk 0:02:22]} 52. R1b2
{[%clk 0:01:16]} Rb5 {[%clk 0:02:27]} 53. Ra2 {[%clk 0:01:32]} Rc3+
{[%clk 0:02:51]} 54. Rxc3+ {[%clk 0:01:59]} bxc3 {[%clk 0:03:41]} 55. Rc2
{[%clk 0:02:12]} Kd4 0-1

[Event "EYCC 2024 - G12"]
[Site "?"]
[Date "2024.08.24"]
[Round "3.11"]
[White "Levchenko, Alisa"]
[Black "Schirmbeck, Lilian"]
[Result "1-0"]
[BlackElo "1786"]
[WhiteElo "1637"]
[LiveChessVersion "1.4.8"]

1. d4 {[%clk 1:30:57]} Nf6 {[%clk 1:30:53]} 2. c4 {[%clk 1:31:17]} c5
{[%clk 1:31:17]} 3. d5 {[%clk 1:31:41]} e6 {[%clk 1:31:19]} 4. Nc3
{[%clk 1:32:00]} exd5 {[%clk 1:31:41]} 5. cxd5 {[%clk 1:32:23]} d6
{[%clk 1:32:00]} 6. e4 {[%clk 1:32:45]} g6 {[%clk 1:31:55]} 7. f4
{[%clk 1:32:26]} Bg7 {[%clk 1:32:03]} 8. Bb5+ {[%clk 1:32:45]} Nfd7
{[%clk 1:32:20]} 9. a4 {[%clk 1:28:34]} Na6 {[%clk 1:30:54]} 10. Nf3
{[%clk 1:27:59]} Nb4 {[%clk 1:27:21]} 11. O-O {[%clk 1:27:00]} O-O
{[%clk 1:24:30]} 12. Re1 {[%clk 1:24:14]} a6 {[%clk 1:20:53]} 13. Bc4
{[%clk 1:21:57]} Nb6 {[%clk 1:11:34]} 14. Nd2 {[%clk 1:10:37]} Qf6
{[%clk 0:49:07]} 15. Ne2 {[%clk 1:02:13]} Bg4 {[%clk 0:45:26]} 16. g3
{[%clk 0:43:16]} Bxe2 {[%clk 0:33:49]} 17. Bxe2 {[%clk 0:42:53]} Qd4+
{[%clk 0:33:26]} 18. Kg2 {[%clk 0:41:22]} f5 {[%clk 0:32:25]} 19. a5
{[%clk 0:35:20]} Nd7 {[%clk 0:29:22]} 20. Bf3 {[%clk 0:33:22]} Rae8
{[%clk 0:27:12]} 21. Qb3 {[%clk 0:23:19]} fxe4 {[%clk 0:15:40]} 22. Rxe4
{[%clk 0:23:06]} Rxe4 {[%clk 0:14:59]} 23. Nxe4 {[%clk 0:22:42]} Nd3
{[%clk 0:11:23]} 24. Qc3 {[%clk 0:15:55]} Qxe4 {[%clk 0:05:43]} 25. Bxe4
{[%clk 0:13:38]} Bxc3 {[%clk 0:06:00]} 26. bxc3 {[%clk 0:13:20]} Nxc1
{[%clk 0:04:01]} 27. Rxc1 {[%clk 0:13:40]} Nf6 {[%clk 0:03:37]} 28. Bf3
{[%clk 0:12:22]} Re8 {[%clk 0:03:14]} 29. Kf2 {[%clk 0:12:01]} Ne4+
{[%clk 0:01:32]} 30. Bxe4 {[%clk 0:10:55]} Rxe4 {[%clk 0:01:54]} 31. Rb1
{[%clk 0:11:08]} Re7 {[%clk 0:02:09]} 32. Rb6 {[%clk 0:11:24]} Rd7
{[%clk 0:02:32]} 33. Kf3 {[%clk 0:11:06]} Kf7 {[%clk 0:02:16]} 34. g4
{[%clk 0:09:36]} Kf6 {[%clk 0:00:54]} 35. g5+ {[%clk 0:08:18]} Kf7
{[%clk 0:00:38]} 36. Kg4 {[%clk 0:08:26]} Ke7 {[%clk 0:00:35]} 37. h4
{[%clk 0:07:30]} Kd8 {[%clk 0:00:42]} 38. h5 {[%clk 0:07:43]} Kc7
{[%clk 0:00:38]} 39. hxg6 {[%clk 0:07:06]} hxg6 {[%clk 0:01:03]} 40. f5
{[%clk 0:07:14]} gxf5+ {[%clk 0:00:55]} 41. Kxf5 {[%clk 0:07:34]} Re7
{[%clk 0:01:04]} 42. c4 {[%clk 0:06:00]} Re1 {[%clk 0:01:11]} 43. g6
{[%clk 0:06:18]} Rf1+ {[%clk 0:01:27]} 44. Ke6 {[%clk 0:06:30]} Re1+
{[%clk 0:01:52]} 45. Kf7 {[%clk 0:06:39]} Rf1+ {[%clk 0:02:11]} 46. Kg8
{[%clk 0:06:53]} Rg1 {[%clk 0:01:31]} 47. g7 {[%clk 0:07:16]} Rf1
{[%clk 0:01:18]} 48. Rb3 {[%clk 0:07:12]} Rf2 {[%clk 0:00:43]} 49. Rh3
{[%clk 0:07:17]} Rf1 {[%clk 0:00:42]} 50. Kh8 {[%clk 0:07:32]} Rg1
{[%clk 0:00:53]} 51. g8=Q {[%clk 0:07:53]} Rxg8+ {[%clk 0:01:17]} 52. Kxg8
{[%clk 0:08:05]} b5 {[%clk 0:01:20]} 53. cxb5 {[%clk 0:07:36]} axb5
{[%clk 0:01:44]} 54. a6 {[%clk 0:07:36]} Kb6 {[%clk 0:02:02]} 55. Ra3
{[%clk 0:07:17]} Ka7 {[%clk 0:02:29]} 56. Kf7 {[%clk 0:05:19]} c4
{[%clk 0:02:34]} 57. Ke6 {[%clk 0:05:19]} b4 {[%clk 0:02:56]} 58. Ra4
{[%clk 0:05:39]} c3 {[%clk 0:03:07]} 59. Rxb4 {[%clk 0:06:03]} c2
{[%clk 0:03:31]} 60. Rc4 {[%clk 0:06:29]} c1=Q {[%clk 0:03:52]} 61. Rxc1
{[%clk 0:06:47]} Kb8 {[%clk 0:04:08]} 62. a7+ {[%clk 0:06:53]} Ka8
{[%clk 0:04:32]} 63. Rc8+ {[%clk 0:06:39]} Kxa7 {[%clk 0:04:57]} 64. Kxd6
{[%clk 0:06:58]} Kb6 {[%clk 0:05:17]} 65. Rb8+ {[%clk 0:06:57]} Ka7
{[%clk 0:05:36]} 66. Rb1 {[%clk 0:07:21]} Ka6 {[%clk 0:06:00]} 67. Kc5
{[%clk 0:07:44]} Ka7 {[%clk 0:06:26]} 68. Kc6 {[%clk 0:08:04]} Ka8
{[%clk 0:06:50]} 69. Kc7 {[%clk 0:08:24]} 1-0

[Event "EYCC 2024 - G12"]
[Site "?"]
[Date "2024.08.24"]
[Round "3.12"]
[White "Rusitashvili, Tea"]
[Black "Gruszecka, Alicja"]
[Result "0-1"]
[BlackElo "1781"]
[WhiteElo "1547"]
[LiveChessVersion "1.4.8"]

1. e4 {[%clk 1:30:57]} e5 {[%clk 1:30:57]} 2. Nf3 {[%clk 1:31:19]} Nc6
{[%clk 1:31:14]} 3. d4 {[%clk 1:31:35]} exd4 {[%clk 1:31:33]} 4. Bc4
{[%clk 1:31:54]} Nf6 {[%clk 1:31:38]} 5. e5 {[%clk 1:31:43]} d5 {[%clk 1:31:53]}
6. Bb5 {[%clk 1:31:51]} Ne4 {[%clk 1:32:11]} 7. Nxd4 {[%clk 1:31:48]} Bd7
{[%clk 1:32:17]} 8. Bxc6 {[%clk 1:31:33]} bxc6 {[%clk 1:32:35]} 9. O-O
{[%clk 1:31:07]} Bc5 {[%clk 1:32:35]} 10. c3 {[%clk 1:30:41]} Bb6
{[%clk 1:30:27]} 11. f3 {[%clk 1:26:56]} Ng5 {[%clk 1:30:09]} 12. f4
{[%clk 1:25:57]} Ne4 {[%clk 1:29:47]} 13. Be3 {[%clk 1:25:29]} O-O
{[%clk 1:28:49]} 14. Nd2 {[%clk 1:23:04]} Nxd2 {[%clk 1:28:01]} 15. Qxd2
{[%clk 1:22:15]} c5 {[%clk 1:25:12]} 16. Nf3 {[%clk 1:17:13]} c6 {[%clk 1:22:28]}
17. Rad1 {[%clk 1:14:04]} Qe7 {[%clk 1:16:57]} 18. Qc2 {[%clk 1:06:41]} g6
{[%clk 1:10:19]} 19. Kh1 {[%clk 1:02:15]} Rfe8 {[%clk 1:02:27]} 20. Bf2
{[%clk 0:58:00]} Bg4 {[%clk 0:57:11]} 21. Be1 {[%clk 0:47:00]} Qe6
{[%clk 0:51:40]} 22. h3 {[%clk 0:38:54]} Bxf3 {[%clk 0:45:55]} 23. Rxf3
{[%clk 0:38:55]} d4 {[%clk 0:41:47]} 24. c4 {[%clk 0:33:49]} f6 {[%clk 0:39:46]}
25. Bg3 {[%clk 0:26:44]} fxe5 {[%clk 0:38:51]} 26. f5 {[%clk 0:24:48]} gxf5
{[%clk 0:35:33]} 27. Rxf5 {[%clk 0:24:33]} Qg6 {[%clk 0:35:03]} 28. Bh4
{[%clk 0:21:20]} Bd8 {[%clk 0:34:24]} 29. Bxd8 {[%clk 0:20:23]} Raxd8
{[%clk 0:34:31]} 30. Qe4 {[%clk 0:20:07]} Rd6 {[%clk 0:29:19]} 31. h4
{[%clk 0:17:19]} h6 {[%clk 0:27:33]} 32. h5 {[%clk 0:15:31]} Qg7 {[%clk 0:23:21]}
33. Rdf1 {[%clk 0:11:17]} d3 {[%clk 0:21:03]} 34. Rf7 {[%clk 0:10:42]} Qxf7
{[%clk 0:20:34]} 35. Rxf7 {[%clk 0:11:06]} Kxf7 {[%clk 0:20:53]} 36. Qh7+
{[%clk 0:11:21]} Ke6 {[%clk 0:20:31]} 37. Qxh6+ {[%clk 0:10:57]} Kd7
{[%clk 0:20:40]} 38. Qg7+ {[%clk 0:10:43]} Re7 {[%clk 0:20:29]} 39. Qg4+
{[%clk 0:10:53]} Kc7 {[%clk 0:20:15]} 40. Qg5 {[%clk 0:10:44]} Rdd7
{[%clk 0:08:19]} 41. Qd2 {[%clk 0:08:54]} e4 {[%clk 0:07:31]} 42. Qa5+
{[%clk 0:08:56]} Kb7 {[%clk 0:07:52]} 43. Qd2 {[%clk 0:07:23]} e3
{[%clk 0:08:02]} 0-1

[Event "EYCC 2024 - G12"]
[Site "?"]
[Date "2024.08.24"]
[Round "3.13"]
[White "Potikha, Shelley"]
[Black "Allahverdi, Zahra"]
[Result "1/2-1/2"]
[BlackElo "1698"]
[WhiteElo "1525"]
[LiveChessVersion "1.4.8"]

1. e4 {[%clk 1:30:58]} c5 {[%clk 1:30:53]} 2. Nf3 {[%clk 1:31:21]} a6
{[%clk 1:31:08]} 3. Be2 {[%clk 1:31:17]} b5 {[%clk 1:30:45]} 4. O-O
{[%clk 1:28:39]} Bb7 {[%clk 1:30:52]} 5. a4 {[%clk 1:28:35]} b4 {[%clk 1:29:37]}
6. d4 {[%clk 1:28:13]} cxd4 {[%clk 1:27:14]} 7. Nbd2 {[%clk 1:26:57]} e6
{[%clk 1:27:12]} 8. Nxd4 {[%clk 1:25:11]} Be7 {[%clk 1:26:09]} 9. e5
{[%clk 1:15:23]} d6 {[%clk 1:18:22]} 10. exd6 {[%clk 1:09:59]} Bxd6
{[%clk 1:18:30]} 11. Nc4 {[%clk 1:08:38]} Be7 {[%clk 1:16:31]} 12. a5
{[%clk 1:06:14]} Qd5 {[%clk 1:05:57]} 13. Bf3 {[%clk 0:47:22]} Qxc4
{[%clk 1:06:09]} 14. Bxb7 {[%clk 0:47:30]} Ra7 {[%clk 1:06:29]} 15. Bf3
{[%clk 0:46:59]} Rd7 {[%clk 1:06:24]} 16. Be3 {[%clk 0:44:01]} Bf6
{[%clk 0:56:08]} 17. Qe2 {[%clk 0:37:11]} Rxd4 {[%clk 0:55:26]} 18. Bxd4
{[%clk 0:37:08]} Qxd4 {[%clk 0:55:12]} 19. Rfd1 {[%clk 0:33:39]} Qa7
{[%clk 0:55:18]} 20. Qc4 {[%clk 0:29:04]} Ne7 {[%clk 0:53:56]} 21. Qxb4
{[%clk 0:24:12]} O-O {[%clk 0:53:51]} 22. Qb6 {[%clk 0:19:53]} Nc8
{[%clk 0:52:05]} 23. Qb4 {[%clk 0:16:35]} Be5 {[%clk 0:43:39]} 24. Qh4
{[%clk 0:08:59]} Nd6 {[%clk 0:36:34]} 25. Qb4 {[%clk 0:06:13]} 1/2-1/2

[Event "EYCC 2024 - G12"]
[Site "?"]
[Date "2024.08.24"]
[Round "3.14"]
[White "Sahin, Zeynep Duru"]
[Black "Savchenko, Iryna"]
[Result "1/2-1/2"]
[BlackElo "1453"]
[WhiteElo "1698"]
[LiveChessVersion "1.4.8"]

1. e4 {[%clk 1:30:43]} c5 {[%clk 1:30:56]} 2. Nc3 {[%clk 1:30:57]} Nc6
{[%clk 1:30:46]} 3. Bb5 {[%clk 1:31:07]} Nd4 {[%clk 1:31:09]} 4. Nf3
{[%clk 1:31:25]} Nxb5 {[%clk 1:28:23]} 5. Nxb5 {[%clk 1:31:36]} g6
{[%clk 1:28:07]} 6. d4 {[%clk 1:30:44]} Qa5+ {[%clk 1:27:52]} 7. Nc3
{[%clk 1:30:35]} Bg7 {[%clk 1:27:31]} 8. Be3 {[%clk 1:27:46]} c4 {[%clk 1:25:53]}
9. a4 {[%clk 1:22:57]} Nf6 {[%clk 1:08:42]} 10. O-O {[%clk 1:18:20]} d5
{[%clk 1:05:06]} 11. Nd2 {[%clk 1:10:56]} e6 {[%clk 1:02:55]} 12. e5
{[%clk 1:06:16]} Nd7 {[%clk 1:01:16]} 13. f4 {[%clk 0:59:30]} O-O
{[%clk 1:01:22]} 14. Qe1 {[%clk 0:55:54]} f5 {[%clk 1:00:00]} 15. Bf2
{[%clk 0:50:34]} Bh6 {[%clk 0:58:37]} 16. Bh4 {[%clk 0:49:41]} Rf7
{[%clk 0:58:44]} 17. Qe3 {[%clk 0:39:36]} a6 {[%clk 0:57:27]} 18. Nf3
{[%clk 0:37:17]} Qb4 {[%clk 0:54:03]} 19. Ra2 {[%clk 0:35:02]} b6
{[%clk 0:52:58]} 20. Bd8 {[%clk 0:29:29]} Ra7 {[%clk 0:48:56]} 21. Nxd5
{[%clk 0:24:46]} Qf8 {[%clk 0:48:24]} 22. Bxb6 {[%clk 0:23:47]} Rb7
{[%clk 0:47:05]} 23. Nf6+ {[%clk 0:13:58]} Rxf6 {[%clk 0:45:37]} 24. exf6
{[%clk 0:14:13]} Nxb6 {[%clk 0:44:47]} 25. f7+ {[%clk 0:13:33]} Qxf7
{[%clk 0:44:02]} 26. Ne5 {[%clk 0:13:44]} Qe8 {[%clk 0:42:40]} 27. Qh3
{[%clk 0:12:59]} Bg7 {[%clk 0:41:44]} 28. b3 {[%clk 0:10:09]} Bxe5
{[%clk 0:37:44]} 29. dxe5 {[%clk 0:10:25]} cxb3 {[%clk 0:37:41]} 30. cxb3
{[%clk 0:10:40]} Nd5 {[%clk 0:37:36]} 31. Rc2 {[%clk 0:09:44]} Qd8
{[%clk 0:23:53]} 32. Rfc1 {[%clk 0:07:57]} Bd7 {[%clk 0:22:55]} 33. Qh6
{[%clk 0:04:02]} Rxb3 {[%clk 0:19:26]} 34. a5 {[%clk 0:04:24]} Rb5
{[%clk 0:16:35]} 35. Rc5 {[%clk 0:04:26]} Rxa5 {[%clk 0:16:11]} 36. Rxa5
{[%clk 0:04:18]} Qxa5 {[%clk 0:16:28]} 37. Qg5 {[%clk 0:04:28]} Qb6+
{[%clk 0:16:41]} 38. Kh1 {[%clk 0:04:49]} a5 {[%clk 0:16:10]} 39. h4
{[%clk 0:05:14]} Qb8 {[%clk 0:13:38]} 40. h5 {[%clk 0:04:57]} Be8
{[%clk 0:10:27]} 41. h6 {[%clk 0:05:15]} Bd7 {[%clk 0:08:31]} 42. Rd1
{[%clk 0:05:21]} Qf8 {[%clk 0:08:20]} 43. g4 {[%clk 0:04:57]} fxg4
{[%clk 0:02:39]} 44. f5 {[%clk 0:04:26]} Qa8 {[%clk 0:01:35]} 45. Kh2
{[%clk 0:04:13]} Qe8 {[%clk 0:00:49]} 46. fxe6 {[%clk 0:02:17]} Bxe6
{[%clk 0:01:18]} 47. Kg3 {[%clk 0:00:59]} a4 {[%clk 0:01:39]} 48. Rd3
{[%clk 0:01:17]} Qe7 {[%clk 0:00:59]} 49. Qxe7 {[%clk 0:00:42]} Nxe7
{[%clk 0:01:28]} 50. Rd8+ {[%clk 0:01:10]} Kf7 {[%clk 0:01:55]} 51. Rh8
{[%clk 0:01:29]} Nf5+ {[%clk 0:01:36]} 52. Kf4 {[%clk 0:01:55]} Nxh6
{[%clk 0:01:04]} 53. Rxh7+ {[%clk 0:02:17]} Kf8 {[%clk 0:01:13]} 54. Rxh6
{[%clk 0:02:46]} Bf5 {[%clk 0:01:43]} 55. Kg5 {[%clk 0:01:55]} Ke7
{[%clk 0:01:42]} 56. Rh1 {[%clk 0:01:46]} Ke6 {[%clk 0:01:59]} 57. Kf4
{[%clk 0:02:14]} g3 {[%clk 0:01:12]} 58. Kxg3 {[%clk 0:02:23]} Kxe5
{[%clk 0:01:37]} 59. Ra1 {[%clk 0:02:39]} Bc2 {[%clk 0:02:01]} 60. Kg4
{[%clk 0:02:36]} Kf6 {[%clk 0:02:16]} 61. Ra3 {[%clk 0:02:06]} Bb3
{[%clk 0:02:39]} 62. Ra1 {[%clk 0:01:52]} Bc2 {[%clk 0:03:06]} 63. Ra3
{[%clk 0:02:19]} Bd1+ {[%clk 0:03:15]} 64. Kf4 {[%clk 0:02:22]} g5+
{[%clk 0:03:14]} 65. Ke4 {[%clk 0:02:40]} Bc2+ {[%clk 0:03:26]} 66. Kf3
{[%clk 0:03:02]} Kg6 {[%clk 0:02:56]} 67. Rc3 {[%clk 0:02:53]} Bd1+
{[%clk 0:03:03]} 68. Kg3 {[%clk 0:03:21]} Bb3 {[%clk 0:02:58]} 69. Rc6+
{[%clk 0:03:05]} Kf5 {[%clk 0:02:56]} 70. Rc5+ {[%clk 0:03:24]} Kf6
{[%clk 0:03:20]} 71. Ra5 {[%clk 0:03:49]} Bd1 {[%clk 0:03:27]} 72. Ra6+
{[%clk 0:04:08]} Ke7 {[%clk 0:03:48]} 73. Kh3 {[%clk 0:04:08]} Kd7
{[%clk 0:03:54]} 74. Rxa4 {[%clk 0:04:29]} 1/2-1/2

[Event "EYCC 2024 - G12"]
[Site "?"]
[Date "2024.08.24"]
[Round "3.15"]
[White "Lickova, Anna"]
[Black "Stepankova, Linda"]
[Result "1-0"]
[BlackElo "1697"]
[WhiteElo "1621"]
[LiveChessVersion "1.4.8"]

1. e4 {[%clk 1:30:58]} c5 {[%clk 1:30:49]} 2. Nf3 {[%clk 1:31:19]} Nc6
{[%clk 1:31:13]} 3. d4 {[%clk 1:31:44]} cxd4 {[%clk 1:31:37]} 4. Nxd4
{[%clk 1:32:06]} g6 {[%clk 1:32:00]} 5. Nc3 {[%clk 1:32:32]} Bg7 {[%clk 1:32:22]}
6. Be3 {[%clk 1:32:56]} Nf6 {[%clk 1:27:35]} 7. Be2 {[%clk 1:31:18]} Qa5
{[%clk 1:21:07]} 8. O-O {[%clk 1:20:31]} Qb4 {[%clk 1:17:48]} 9. a3
{[%clk 1:01:34]} Qa5 {[%clk 1:12:44]} 10. Nb3 {[%clk 0:57:21]} Qd8
{[%clk 1:10:59]} 11. Qd2 {[%clk 0:49:57]} O-O {[%clk 1:10:02]} 12. h3
{[%clk 0:47:38]} e5 {[%clk 1:05:55]} 13. Bc5 {[%clk 0:47:26]} Re8
{[%clk 1:04:09]} 14. f3 {[%clk 0:41:31]} Bf8 {[%clk 1:01:25]} 15. Be3
{[%clk 0:27:26]} a6 {[%clk 0:57:41]} 16. Na4 {[%clk 0:23:10]} b5 {[%clk 0:51:30]}
17. Nb6 {[%clk 0:19:02]} Rb8 {[%clk 0:50:53]} 18. Nd5 {[%clk 0:16:29]} d6
{[%clk 0:46:23]} 19. Bg5 {[%clk 0:16:19]} Be7 {[%clk 0:43:03]} 20. Nxe7+
{[%clk 0:13:21]} Qxe7 {[%clk 0:43:10]} 21. Rad1 {[%clk 0:10:27]} Rd8
{[%clk 0:38:42]} 22. Qe3 {[%clk 0:06:31]} Be6 {[%clk 0:36:49]} 23. f4
{[%clk 0:05:12]} Bxb3 {[%clk 0:28:33]} 24. cxb3 {[%clk 0:04:58]} h6
{[%clk 0:26:29]} 25. Bxh6 {[%clk 0:04:45]} Ne8 {[%clk 0:25:35]} 26. f5
{[%clk 0:02:25]} Nd4 {[%clk 0:16:05]} 27. fxg6 {[%clk 0:01:34]} fxg6
{[%clk 0:15:51]} 28. Bg4 {[%clk 0:00:55]} Nc2 {[%clk 0:06:42]} 29. Qd2
{[%clk 0:00:37]} Qa7+ {[%clk 0:05:18]} 30. Kh1 Nd4 {[%clk 0:05:01]} 31. Qf2
{[%clk 0:00:32]} Ng7 {[%clk 0:04:10]} 32. Bxg7 {[%clk 0:00:52]} Qxg7
{[%clk 0:04:16]} 33. Qf6 {[%clk 0:00:32]} Rf8 {[%clk 0:01:07]} 34. Qxd6
{[%clk 0:00:41]} a5 {[%clk 0:00:45]} 35. Be6+ {[%clk 0:00:36]} Kh8
{[%clk 0:00:46]} 36. Bd5 {[%clk 0:00:34]} Rbd8 {[%clk 0:00:33]} 37. Qc5
{[%clk 0:00:40]} Rc8 {[%clk 0:00:45]} 38. Rxf8+ {[%clk 0:00:50]} Qxf8
{[%clk 0:00:42]} 39. Qb6 {[%clk 0:01:04]} a4 {[%clk 0:00:34]} 40. bxa4
{[%clk 0:01:30]} bxa4 {[%clk 0:01:01]} 41. Qxg6 {[%clk 0:01:53]} Rc2
{[%clk 0:01:04]} 42. Qh5+ {[%clk 0:02:08]} Kg7 {[%clk 0:01:18]} 43. Qxe5+
{[%clk 0:02:35]} Kh7 {[%clk 0:00:38]} 44. Qxd4 {[%clk 0:02:23]} Rxb2
{[%clk 0:00:49]} 45. Qxb2 {[%clk 0:02:23]} Qf6 46. Bg8+ {[%clk 0:02:00]} Kxg8
{[%clk 0:00:55]} 47. Qxf6 {[%clk 0:02:25]} 1-0